000 00408 a2200121 4500
001 ART_12094
005 20260410161903.0
008 260409a
245 1 0 _aEstimating U.S. consumer preferences for meat with a flexible utility function
100 1 _aChristensen, Laurits R.
700 1 _aManser, Marilyn E.
773 0 _tJournal of econometrics
_g- Vol. 5, NÂș 1 (ene. 1977)
_wREV11720
999 _c26078
_d26078